Report on the workshop on chemical interactions between organisms
Enregistré dans:
| Format: | Livre |
|---|---|
| Langue: | Undetermined |
| Publié: |
Stockhom, Sweden
IFS(International foundation for Science)
1989
|
| Sujets: | |
| Tags: |
Ajouter un tag
Pas de tags, Soyez le premier à ajouter un tag!
|
| Thư viện lưu trữ: | Trung tâm Học liệu Trường Đại học Cần Thơ |
|---|
| LEADER | 00504nam a2200157Ia 4500 | ||
|---|---|---|---|
| 001 | CTU_29924 | ||
| 008 | 210402s9999 xx 000 0 und d | ||
| 082 | |a 574.192 | ||
| 082 | |b C517 | ||
| 245 | 0 | |a Report on the workshop on chemical interactions between organisms | |
| 260 | |a Stockhom, Sweden | ||
| 260 | |b IFS(International foundation for Science) | ||
| 260 | |c 1989 | ||
| 650 | |a biochemistry,bioorganic chemistry | ||
| 904 | |i Liên, 981223 | ||
| 980 | |a Trung tâm Học liệu Trường Đại học Cần Thơ | ||